Loading...
| Fine Arts - Auditory | 2 | 5.00 | 50% | 0% | 0% |
| Fine Arts - Other | 5 | 14.00 | 100% | 20% | 20% |
| Fine Arts - Visual | 1 | 20.00 | 100% | 100% | 0% |
| Geography | 2 | 10.00 | 100% | 0% | 0% |
| History - American | 2 | 5.00 | 50% | 0% | 0% |
| History - Ancient | 1 | 20.00 | 100% | 100% | 0% |
| History - European | 1 | 20.00 | 100% | 100% | 0% |
| History - World | 3 | 10.00 | 100% | 0% | 0% |
| Literature - American | 1 | 10.00 | 100% | 0% | 0% |
| Literature - British | 1 | 10.00 | 100% | 0% | 0% |
| Literature - European | 1 | 0.00 | 0% | 0% | 0% |
| Literature - World | 2 | 15.00 | 100% | 50% | 0% |
| Mythology | 1 | 0.00 | 0% | 0% | 0% |
| Other Academic | 2 | 20.00 | 100% | 100% | 0% |
| Philosophy | 4 | 7.50 | 50% | 25% | 0% |
| Religion | 5 | 12.00 | 80% | 40% | 0% |
| Science - Chemistry | 2 | 0.00 | 0% | 0% | 0% |
| Science - Other | 5 | 4.00 | 40% | 0% | 0% |
| Social Science | 6 | 8.33 | 67% | 17% | 0% |